000 00244nam a2200109Ia 4500
008 190216s9999||||xx |||||||||||||| ||und||
100 _aVaikam Muhammed Basheer
245 0 _aJanmadinam
260 _bDc Books
650 _aKathakal
942 _cBK
999 _c26328
_d26328